Damages for delay to completion (Record no. 112748)
[ view plain ]
| 000 -LEADER | |
|---|---|
| fixed length control field | 01164cad a22002655a 4500 |
| 001 - CONTROL NUMBER | |
| control field | L153887 |
| 008 - FIXED-LENGTH DATA ELEMENTS--GENERAL INFORMATION | |
| fixed length control field | 110916s2011 xxk f 000 0 eng d |
| 020 ## - INTERNATIONAL STANDARD BOOK NUMBER | |
| International Standard Book Number | 9781842197080 |
| 035 ## - SYSTEM CONTROL NUMBER | |
| System control number | (Sirsi) u153887 |
| 041 0# - LANGUAGE CODE | |
| Language code of text/sound track or separate title | eng |
| 050 04 - LIBRARY OF CONGRESS CALL NUMBER | |
| Classification number | 692.8 $2 20 |
| 110 2# - MAIN ENTRY--CORPORATE NAME | |
| Corporate name or jurisdiction name as entry element | Royal Institution of Chartered Surveyors |
| 9 (RLIN) | 4900 |
| 245 00 - TITLE STATEMENT | |
| Title | Damages for delay to completion |
| Medium | [old edition] |
| 260 ## - PUBLICATION, DISTRIBUTION, ETC. | |
| Place of publication, distribution, etc. | Coventry |
| Name of publisher, distributor, etc. | RICS |
| Date of publication, distribution, etc. | 2011 |
| 490 #0 - SERIES STATEMENT | |
| Series statement | RICS Guidance Note |
| Volume/sequential designation | GN 88/2011 |
| 490 #0 - SERIES STATEMENT | |
| Series statement | RICS Black Book |
| 520 ## - SUMMARY, ETC. | |
| Summary, etc. | This guidance note introduces the subject of damages for delay to completion by looking at the general principles including areas such as law; reasons for introduction within a contract; amounts of damages, and how sums are deducted, certified or released. |
| 521 ## - TARGET AUDIENCE NOTE | |
| Target audience note | superseded by 2nd edition ISBN 9781783215256 published April 2024 |
| 650 24 - SUBJECT ADDED ENTRY--TOPICAL TERM | |
| Topical term or geographic name entry element | RICS QS AND CONSTRUCTION STANDARDS |
| 650 24 - SUBJECT ADDED ENTRY--TOPICAL TERM | |
| Topical term or geographic name entry element | RICS BLACK BOOK |
| 651 #4 - SUBJECT ADDED ENTRY--GEOGRAPHIC NAME | |
| Geographic name | United Kingdom |
| 690 ## - LOCAL SUBJECT ADDED ENTRY--TOPICAL TERM (OCLC, RLIN) | |
| Topical term or geographic name as entry element | BUILT ENVIRONMENT-CONSTRUCTION MANAGEMENT |
| 856 40 - ELECTRONIC LOCATION AND ACCESS | |
| Uniform Resource Identifier | <a href="https://www.rics.org/uk/products/knowledge-and-information-services/">https://www.rics.org/uk/products/knowledge-and-information-services/</a> |
| Public note | archived item please email [email protected] |
| 942 ## - ADDED ENTRY ELEMENTS (KOHA) | |
| Suppress in OPAC | 0 |
| Source of classification or shelving scheme | Dewey Decimal Classification |
| Withdrawn status | Lost status | Source of classification or shelving scheme | Damaged status | Not for loan | Home library | Current library | Shelving location | Date acquired | Total Checkouts | Full call number | Date last seen | Copy number | Price effective from | Koha item type | Barcode |
|---|---|---|---|---|---|---|---|---|---|---|---|---|---|---|---|
| Dewey Decimal Classification | London | London | RICS Boxes | 27/09/2011 | RICS 2011/44 | 06/08/2019 | 2 | 06/08/2019 | Book | 30079538 | |||||
| Dewey Decimal Classification | London | London | RICS Boxes | 27/09/2011 | RICS 2011/44 | 06/08/2019 | 3 | 06/08/2019 | Book | 30079537 | |||||
| Dewey Decimal Classification | London | London | RICS Boxes | 03/09/2012 | RICS 2011/44 | 06/08/2019 | 4 | 06/08/2019 | Archive | 30079536 | |||||
| Dewey Decimal Classification | Virtual | Virtual | Online | 16/09/2011 | SCAN | 23/05/2024 | 1 | 06/08/2019 | Online material |